[Event "Frankfurt Ch A 2019"]
[Site "Ffm-Höchst, BiKuZ"]
[Date "2019.05.27"]
[Round "5.17"]
[White "Zimmermann, Rolf"]
[Black "Rupp, Mark"]
[Result "1/2-1/2"]
[WhiteElo "2025"]
[BlackElo "1901"]
[PlyCount "134"]
[EventDate "2019.??.??"]
[WhiteTeam "SC Tornado Hochneukirch"]
[BlackTeam "SK Langen"]

1. c4 e6 2. d4 Nf6 3. Nc3 d5 4. e3 b6 5. Nf3 Bb7 6. a3 Nbd7 7. b4 a5 8. b5 Rc8
9. Bb2 Bd6 10. Be2 O-O 11. O-O Qe7 12. Qb3 c5 13. bxc6 Bxc6 14. cxd5 Nxd5 15.
Nb5 Bb8 16. g3 N5f6 17. a4 Bd5 18. Qd1 Rfd8 19. Ba3 Qe8 20. Nd2 e5 21. Bf3 exd4
22. exd4 Qe6 23. Re1 Bxf3 24. Qxf3 Qd5 25. Be7 Re8 26. Qxd5 Nxd5 27. Nd6 Bxd6
28. Bxd6 Rxe1+ 29. Rxe1 Nc3 30. Re7 Nf6 31. Be5 Nfd5 32. Rd7 Nb4 33. Bd6 h6 34.
Bxb4 axb4 35. Nb3 Nxa4 36. Ra7 Nc3 37. Rb7 Nd5 38. Rd7 Nf6 39. Rb7 Rc3 40. Nd2
Rd3 41. Nf1 Nd5 42. Ne3 Rxd4 43. Nxd5 Rxd5 44. Rb8+ Kh7 45. Rxb6 Rd4 46. Kf1
Rc4 47. Ke2 Rc2+ 48. Ke3 Rb2 49. h4 h5 50. Rb7 Kg6 51. Rb6+ f6 52. Rb5 Rb1 53.
Kd3 b3 54. Ke3 b2 55. Kf4 Kh6 56. Kf5 Kh7 57. Rb8 Rc1 58. Rxb2 Rc5+ 59. Ke4 g5
60. hxg5 fxg5 61. f4 h4 62. Rh2 Kg6 63. gxh4 Rc4+ 64. Kd3 Rxf4 65. hxg5 Kxg5
66. Rg2+ Rg4 67. Rxg4+ Kxg4 1/2-1/2

[Event "Frankfurt Ch A 2019"]
[Site "Ffm-Höchst, BiKuZ"]
[Date "2019.05.27"]
[Round "5.18"]
[White "Brückmann, Gerd"]
[Black "Schmidt, Markus"]
[Result "0-1"]
[WhiteElo "1872"]
[BlackElo "2015"]
[PlyCount "116"]
[EventDate "2019.??.??"]
[WhiteTeam "SV Anderssen Arolsen"]
[BlackTeam "SK Turm Bad Hersfeld"]

1. d4 Nf6 2. c4 g6 3. g3 Bg7 4. Bg2 d6 5. Nc3 O-O 6. Nf3 Nc6 7. O-O a6 8. Qd3
e5 9. dxe5 dxe5 10. Qxd8 Rxd8 11. Bg5 Re8 12. Rfd1 h6 13. Bxf6 Bxf6 14. Nd2 Nd4
15. c5 Rb8 16. Nde4 Bd8 17. e3 Ne6 18. Nd5 Kg7 19. b4 f5 20. Nd2 e4 21. Nc4 Nf8
22. Rac1 Be6 23. Bf1 Nh7 24. Nf4 Bf7 25. a4 Nf6 26. Na5 g5 27. Ng2 c6 28. Nc4
Bc7 29. Nd6 Bxd6 30. Rxd6 Red8 31. Rcd1 Nd5 32. Rxd8 Rxd8 33. Ne1 Kf6 34. Nc2
Be6 35. b5 axb5 36. axb5 cxb5 37. Bxb5 Rc8 38. Ra1 Rxc5 39. Nd4 Nc7 40. Be2 b6
41. Rb1 Nd5 42. Ba6 Bc8 43. Bf1 Ke5 44. Kg2 f4 45. gxf4+ gxf4 46. Nb3 f3+ 47.
Kg1 Rc6 48. Nd2 Nc3 49. Re1 b5 50. h4 Be6 51. Kh2 b4 52. Nb1 Nxb1 53. Rxb1 b3
54. Bh3 Bf7 55. Bd7 Rc2 56. Kg3 b2 57. Ba4 Rd2 58. Kh2 Ba2 0-1

[Event "Frankfurt Ch A 2019"]
[Site "Ffm-Höchst, BiKuZ"]
[Date "2019.05.27"]
[Round "5.19"]
[White "Bischoff, Ulrich"]
[Black "Hambel, Christoph"]
[Result "1-0"]
[WhiteElo "1961"]
[BlackElo "1719"]
[PlyCount "47"]
[EventDate "2019.??.??"]
[WhiteTeam "Sfr. Erbach"]
[BlackTeam "Bad Vilbeler Sfr."]

1. e4 d5 2. exd5 Nf6 3. d4 Qxd5 4. Nf3 Bg4 5. Be2 e6 6. h3 Bh5 7. O-O Nbd7 8.
c4 Qc6 9. d5 Qb6 10. dxe6 Qxe6 11. Re1 O-O-O 12. Ng5 Bxe2 13. Qxe2 Qxe2 14.
Rxe2 Bc5 15. Nxf7 Rhe8 16. Be3 Rxe3 17. fxe3 Re8 18. Nc3 h6 19. g4 Re7 20. g5
hxg5 21. Nxg5 Bxe3+ 22. Kg2 Nh5 23. Nd5 Re5 24. Nf3 1-0

[Event "Frankfurt Ch A 2019"]
[Site "Ffm-Höchst, BiKuZ"]
[Date "2019.05.27"]
[Round "5.20"]
[White "Fucik, Timo"]
[Black "Rennhack, Peer"]
[Result "0-1"]
[WhiteElo "2013"]
[BlackElo "1873"]
[PlyCount "68"]
[EventDate "2019.??.??"]
[WhiteTeam "SK Ettlingen"]
[BlackTeam "Frankfurter TV"]

1. d4 g6 2. g3 Bg7 3. Bg2 c5 4. c3 cxd4 5. cxd4 Qb6 6. Nf3 Nc6 7. e3 d5 8. O-O
Nf6 9. Nc3 Bf5 10. Nh4 e6 11. Nxf5 gxf5 12. Na4 Qc7 13. b3 h5 14. Bb2 h4 15.
Rc1 hxg3 16. hxg3 Bh6 17. Nc5 Ng4 18. Rc3 Bxe3 19. Rxe3 Nxe3 20. fxe3 Qxg3 21.
Qf3 Qxf3 22. Rxf3 O-O-O 23. Ba3 Rdg8 24. Nd3 Rh4 25. Bd6 Rhg4 26. Rf2 f6 27.
Kf1 Kd7 28. Bf4 b6 29. b4 a5 30. bxa5 Nxa5 31. Rc2 Nc4 32. Nb2 Rxf4+ 33. exf4
Ne3+ 34. Kg1 Nxc2 0-1

[Event "Frankfurt Ch A 2019"]
[Site "Ffm-Höchst, BiKuZ"]
[Date "2019.05.27"]
[Round "5.22"]
[White "Menning, Uwe"]
[Black "Faqiry, Ramat"]
[Result "0-1"]
[WhiteElo "1779"]
[BlackElo "1973"]
[PlyCount "102"]
[EventDate "2019.??.??"]
[WhiteTeam "FC Bierstadt"]
[BlackTeam "SK Bad Homburg"]

1. d4 Nf6 2. Nf3 g6 3. Bg5 Bg7 4. e3 h6 5. Bxf6 Bxf6 6. Bc4 d5 7. Bb5+ c6 8.
Be2 Qb6 9. Qc1 Bf5 10. O-O O-O 11. c3 Nd7 12. Nbd2 g5 13. Nb3 a5 14. Qd2 a4 15.
Nc1 g4 16. Ne1 e5 17. dxe5 Nxe5 18. Bd3 Nc4 19. Bxc4 dxc4 20. a3 Qc7 21. e4
Bxe4 22. Qxh6 Qe5 23. Qe3 Bg5 24. Qe2 Qe6 25. f3 Bf5 26. Qxe6 Bxe6 27. fxg4
Bxg4 28. Nf3 Be3+ 29. Kh1 f5 30. Ne5 b5 31. Nxc6 Rae8 32. Na2 Be2 33. Rfe1 Bd2
34. Reb1 Bd3 35. Rd1 Re2 36. Nd4 Rf2 37. Nb4 Be4 38. Nf3 Be3 39. h3 Kh8 40. Nd5
f4 41. Nxe3 fxe3 42. Rf1 Rxb2 43. Rae1 Rf2 44. Kg1 Rg8 45. Rxf2 exf2+ 46. Kxf2
Bc2 47. Re5 Rd8 48. Nd4 b4 49. Nxc2 Rd2+ 50. Re2 Rxe2+ 51. Kxe2 b3 0-1

[Event "Frankfurt Ch A 2019"]
[Site "Ffm-Höchst, BiKuZ"]
[Date "2019.05.27"]
[Round "5.23"]
[White "Winand, Edgar"]
[Black "Kolker, Vladislav"]
[Result "0-1"]
[WhiteElo "1778"]
[BlackElo "1959"]
[PlyCount "58"]
[EventDate "2019.??.??"]
[WhiteTeam "SF Frankfurt"]
[BlackTeam "SC Bad Nauheim"]

1. Nf3 c5 2. e3 Nf6 3. b3 g6 4. Bb2 Bg7 5. d4 cxd4 6. exd4 Nc6 7. Nbd2 d5 8. a3
Bf5 9. Nh4 Bd7 10. Bd3 Qb6 11. Nhf3 O-O 12. O-O Nh5 13. Ne5 Nxe5 14. dxe5 Nf4
15. Nf3 Rac8 16. Bd4 Qc7 17. c3 Bg4 18. Re1 f6 19. exf6 Bxf6 20. Re3 e5 21.
Bxe5 Bxe5 22. g3 Nh3+ 23. Kg2 Bxc3 24. Rc1 d4 25. Bc4+ Kh8 26. Rexc3 Rcd8 27.
Rd3 Qc6 28. Rcc3 dxc3 29. Rxd8 Qxf3+ 0-1

[Event "Frankfurt Ch A 2019"]
[Site "Ffm-Höchst, BiKuZ"]
[Date "2019.05.27"]
[Round "5.24"]
[White "Casagrande, Thomas"]
[Black "Kohani, Sohrab"]
[Result "1-0"]
[WhiteElo "1952"]
[BlackElo "1714"]
[PlyCount "67"]
[EventDate "2019.??.??"]
[WhiteTeam "Frankfurter TV"]
[BlackTeam "Freibauer Mörlenbach"]

1. e4 c6 2. d4 d5 3. e5 Bf5 4. Nf3 e6 5. Be2 Nd7 6. O-O h5 7. b3 g6 8. c4 b6 9.
Nc3 Nh6 10. Bd2 Bg4 11. cxd5 cxd5 12. Nb5 a6 13. Bg5 Qb8 14. Nc3 Nf5 15. h3
Bxf3 16. Bxf3 Bg7 17. Qd2 Qb7 18. Rfe1 Rc8 19. Rac1 Nb8 20. g4 hxg4 21. hxg4
Ne7 22. Kg2 Nbc6 23. Bf6 Kf8 24. Rh1 Rxh1 25. Rxh1 Ng8 26. g5 Nge7 27. Bg4 Nf5
28. Bxf5 gxf5 29. Rh7 Bxf6 30. gxf6 Ke8 31. Qg5 Nd8 32. Qg8+ Kd7 33. Rxf7+ Nxf7
34. Qxf7+ 1-0

[Event "Frankfurt Ch A 2019"]
[Site "Ffm-Höchst, BiKuZ"]
[Date "2019.05.27"]
[Round "5.26"]
[White "Moritz, Dennis"]
[Black "Thomas, Norbert"]
[Result "1-0"]
[WhiteElo "1734"]
[BlackElo "1923"]
[PlyCount "69"]
[EventDate "2019.??.??"]
[WhiteTeam "SK Hungen"]
[BlackTeam "SC Frankfurt-West"]

1. d4 d6 2. c4 e5 3. Nf3 e4 4. Nfd2 f5 5. e3 Nf6 6. Nc3 c5 7. Nb3 b6 8. f3 Be7
9. Be2 O-O 10. O-O Nc6 11. Qc2 d5 12. Rd1 cxd4 13. Nxd4 Nxd4 14. exd4 Be6 15.
cxd5 Nxd5 16. fxe4 Nb4 17. Qa4 fxe4 18. Nxe4 Bf5 19. Bf3 Kh8 20. Be3 Nd5 21.
Bf2 a6 22. Qb3 Ra7 23. Bg3 Rd7 24. Be5 a5 25. Rac1 Be6 26. Qb5 Qe8 27. Rc6 Bf5
28. Ng3 Ne3 29. Bh5 Qd8 30. Re1 Nc2 31. Rf1 Ne3 32. Rf4 Bg6 33. Bxg6 hxg6 34.
Rxf8+ Qxf8 35. Rxg6 1-0

[Event "Frankfurt Ch A 2019"]
[Site "Ffm-Höchst, BiKuZ"]
[Date "2019.05.27"]
[Round "5.27"]
[White "Viol, Julius"]
[Black "Rutsatz, Mario"]
[Result "1/2-1/2"]
[WhiteElo "1675"]
[BlackElo "1921"]
[PlyCount "154"]
[EventDate "2019.??.??"]
[WhiteTeam "FC Bierstadt"]
[BlackTeam "SF Frankfurt"]

1. e4 e6 2. d4 d5 3. Nd2 Nf6 4. e5 Nfd7 5. Bd3 c5 6. c3 Nc6 7. Ne2 cxd4 8. cxd4
f6 9. exf6 Nxf6 10. O-O Bd6 11. Nf3 Qc7 12. Nc3 a6 13. Bd2 O-O 14. Rc1 Bd7 15.
Re1 Rae8 16. Na4 Re7 17. Ne5 Qb8 18. Bf4 Be8 19. Nxc6 Bxc6 20. Bxd6 Qxd6 21.
Nc5 e5 22. dxe5 Rxe5 23. Rxe5 Qxe5 24. Qe2 Qf4 25. Rf1 Re8 26. Qc2 Kh8 27. g3
Qd6 28. Nb3 d4 29. Qc4 Rd8 30. Qc5 Qxc5 31. Nxc5 Bd5 32. Re1 Rc8 33. Rc1 Nd7
34. Nb3 Rxc1+ 35. Nxc1 Ne5 36. Be2 Be4 37. f4 Nc6 38. Bd3 Bd5 39. a3 Kg8 40.
Kf2 g6 41. Ke2 Kf7 42. Kd2 Ke6 43. Bc2 Kd6 44. b4 Bc4 45. f5 Ne5 46. fxg6 hxg6
47. Be4 g5 48. Ne2 Bd5 49. Bxd5 Kxd5 50. h4 d3 51. Nc1 Ke4 52. Nb3 b6 53. h5 g4
54. h6 Nf3+ 55. Kd1 Ng5 56. Kd2 Kf3 57. Kxd3 Kxg3 58. Nd2 Kf4 59. Nf1 Nh7 60.
Ne3 Kg5 61. Nxg4 Kxg4 62. Kd4 Kf5 63. Kd5 b5 64. Kc6 Ke6 65. Kb6 Kd6 66. Kxa6
Kc6 67. Ka5 Nf6 68. a4 bxa4 69. Kxa4 Kb6 70. b5 Nh7 71. Kb4 Nf6 72. Kc4 Nh7 73.
Kd5 Kxb5 74. Ke6 Kc6 75. Kf7 Kd6 76. Kg7 Ke7 77. Kxh7 Kf7 1/2-1/2

[Event "Frankfurt Ch A 2019"]
[Site "Ffm-Höchst, BiKuZ"]
[Date "2019.05.27"]
[Round "5.28"]
[White "Rotermund, Verena"]
[Black "Makilla, Tobias"]
[Result "0-1"]
[WhiteElo "1695"]
[BlackElo "1911"]
[PlyCount "68"]
[EventDate "2019.??.??"]
[WhiteTeam "Vorw.Orient Mainz"]
[BlackTeam "SC Hattersheim"]

1. e4 d6 2. d4 e5 3. c3 Nf6 4. Bd3 exd4 5. cxd4 Nc6 6. Nc3 Nxd4 7. Qa4+ Nc6 8.
Bg5 Be7 9. Nge2 Bd7 10. O-O Ne5 11. Qc2 Nxd3 12. Qxd3 h6 13. Bd2 O-O 14. Ng3
Re8 15. f4 Bf8 16. Rae1 c6 17. e5 dxe5 18. fxe5 Ng4 19. Nge4 Nxe5 20. Qg3 Ng6
21. Rxf7 Kxf7 22. Rf1+ Kg8 23. Qxg6 Re6 24. Qf7+ Kh8 25. Qh5 Qe8 26. Qf3 Qg6
27. Qd3 Rd8 28. Qd4 Be7 29. Qc4 b5 30. Qe2 Bc5+ 31. Kh1 b4 32. Qc4 bxc3 33.
Nxc5 cxd2 34. Nxe6 Bxe6 0-1

[Event "Frankfurt Ch A 2019"]
[Site "Ffm-Höchst, BiKuZ"]
[Date "2019.05.27"]
[Round "5.30"]
[White "Krüger, Till"]
[Black "Mayer, Andreas"]
[Result "1-0"]
[WhiteElo "1887"]
[BlackElo "1446"]
[PlyCount "63"]
[EventDate "2019.??.??"]
[WhiteTeam "SC Nidderau"]
[BlackTeam "SF Frankfurt"]

1. c4 b6 2. Nc3 Bb7 3. e4 g6 4. d3 Bg7 5. Nf3 e6 6. g3 Ne7 7. Bg2 O-O 8. O-O d6
9. Nh4 f5 10. f4 c5 11. Nf3 Nbc6 12. Re1 Qd7 13. Qe2 Nd4 14. Nxd4 Bxd4+ 15. Be3
Nc6 16. Rac1 Rae8 17. Nb5 Bxe3+ 18. Qxe3 a6 19. Nc3 Nd4 20. Ne2 Nxe2+ 21. Rxe2
e5 22. Rd1 exf4 23. gxf4 fxe4 24. dxe4 Qg4 25. h3 Qxf4 26. Qxf4 Rxf4 27. Rxd6
b5 28. cxb5 axb5 29. Rb6 Re7 30. Rxb5 Rc7 31. Rc2 c4 32. Rb4 1-0

[Event "Frankfurt Ch A 2019"]
[Site "Ffm-Höchst, BiKuZ"]
[Date "2019.05.27"]
[Round "5.32"]
[White "Trierweiler, Joachim"]
[Black "Hitzer, Dieter"]
[Result "1/2-1/2"]
[WhiteElo "1805"]
[BlackElo "1682"]
[PlyCount "98"]
[EventDate "2019.??.??"]
[WhiteTeam "Vorw.Orient Mainz"]
[BlackTeam "Bad Vilbeler Sfr."]

1. Nf3 c5 2. c4 Nc6 3. g3 g6 4. Bg2 Bg7 5. O-O e6 6. d3 Nge7 7. Nc3 d5 8. Rb1
O-O 9. Bd2 b6 10. a3 a5 11. Nb5 Na7 12. Nxa7 Rxa7 13. b4 axb4 14. axb4 Bb7 15.
Qb3 dxc4 16. Qxc4 Bd5 17. Qh4 Nf5 18. Qxd8 Rxd8 19. bxc5 Bxf3 20. Bxf3 bxc5 21.
Rfc1 Nd4 22. Rxc5 Nxf3+ 23. exf3 Bd4 24. Rc4 Kg7 25. Rxd4 Rxd4 26. Bc3 e5 27.
Bxd4 exd4 28. Rb4 Rd7 29. Kg2 Kf6 30. f4 Ke6 31. Kf3 f5 32. h3 Kd5 33. g4 Ra7
34. Rb2 Ra3 35. Ke2 Ra7 36. f3 Kc6 37. h4 Rf7 38. g5 Re7+ 39. Kd2 Re3 40. Rb8
Re7 41. Kc2 Kd5 42. Kb3 Kc5 43. Rc8+ Kd5 44. Kb4 Rb7+ 45. Ka4 Kd6 46. Rc4 Kd5
47. Rb4 Rc7 48. Rb5+ Kd6 49. Rb6+ Kd5 1/2-1/2

[Event "Frankfurt Ch A 2019"]
[Site "Ffm-Höchst, BiKuZ"]
[Date "2019.05.27"]
[Round "5.33"]
[White "Engel, Johannes"]
[Black "Bittner, Peter"]
[Result "1-0"]
[WhiteElo "2047"]
[BlackElo "1737"]
[PlyCount "117"]
[EventDate "2019.??.??"]
[WhiteTeam "SC Brett vorm Kopp"]
[BlackTeam "SC Nied"]

1. e4 e5 2. f4 d6 3. Nf3 Nc6 4. Bb5 a6 5. Ba4 Nf6 6. O-O b5 7. Bb3 Be7 8. d3
O-O 9. c3 Be6 10. Bc2 exf4 11. d4 Bc4 12. Re1 Nb8 13. Bxf4 c6 14. Nbd2 Be6 15.
h3 h6 16. Qe2 Re8 17. Rad1 Nbd7 18. b3 Nf8 19. c4 Rc8 20. Qd3 Ng6 21. Bh2 Rf8
22. e5 dxe5 23. Nxe5 Nxe5 24. Bxe5 g6 25. Qe3 Kh7 26. Rf1 Nh5 27. Qf3 f5 28.
Qe2 Bf6 29. Nf3 Bxe5 30. Qxe5 Re8 31. Qc5 Qe7 32. Qxe7+ Rxe7 33. Rfe1 Rce8 34.
Ne5 bxc4 35. Nxc6 Rc7 36. d5 cxb3 37. Bxb3 Bd7 38. Rxe8 Bxe8 39. Re1 Bxc6 40.
Rc1 Nf4 41. Rxc6 Rd7 42. d6 Nd3 43. Rc7 Ne5 44. Be6 Rg7 45. d7 Nxd7 46. Rxd7 f4
47. Kf2 g5 48. Kf3 Kg6 49. Rxg7+ Kxg7 50. Ke4 Kf6 51. Bd7 a5 52. Be8 Ke7 53.
Bh5 Kf6 54. a4 Ke6 55. Kd4 Kd6 56. Kc4 Kc6 57. Bf3+ Kb6 58. Kd4 Ka6 59. Kc5 1-0

[Event "Frankfurt Ch A 2019"]
[Site "Ffm-Höchst, BiKuZ"]
[Date "2019.05.27"]
[Round "5.34"]
[White "Winter, Olaf"]
[Black "Zimmer, Gerald"]
[Result "0-1"]
[WhiteElo "1656"]
[BlackElo "1854"]
[PlyCount "70"]
[EventDate "2019.??.??"]
[WhiteTeam "SK Bad Homburg"]
[BlackTeam "SC Bergen-Enkheim"]

1. c4 Nf6 2. Nc3 b6 3. e4 e5 4. d3 Bc5 5. h3 h6 6. a3 a5 7. Nf3 Qe7 8. Na4 Nc6
9. Nxc5 bxc5 10. Be3 Nd4 11. Bxd4 exd4 12. g3 O-O 13. Bg2 Rb8 14. Qd2 d6 15.
O-O a4 16. Rfe1 Nd7 17. Nh4 Qg5 18. Qc2 Nb6 19. Kh2 Re8 20. f4 Qf6 21. Nf3 Bb7
22. Re2 Bc6 23. Rae1 Nd7 24. Nh4 g6 25. Qd2 Kg7 26. Nf3 Rb3 27. g4 Reb8 28. Rb1
Rxa3 29. bxa3 Rxb1 30. g5 hxg5 31. fxg5 Qe6 32. Re1 Rb3 33. Qf4 Ne5 34. h4 Rxd3
35. Bh3 Nxf3+ 0-1

[Event "Frankfurt Ch A 2019"]
[Site "Ffm-Höchst, BiKuZ"]
[Date "2019.05.27"]
[Round "5.35"]
[White "Jakesevic, Ivan"]
[Black "Goldt, Rainer"]
[Result "0-1"]
[WhiteElo "1640"]
[BlackElo "1852"]
[PlyCount "63"]
[EventDate "2019.??.??"]
[WhiteTeam "FC Bierstadt"]
[BlackTeam "Kreuznacher SV"]

1. Nf3 d5 2. d4 Nf6 3. Bf4 e6 4. e3 Bd6 5. Bd3 Bxf4 6. exf4 c5 7. c3 c4 8. Bc2
Nc6 9. Nbd2 Qc7 10. Ne5 Bd7 11. O-O O-O 12. g4 g6 13. Kh1 Kg7 14. Rg1 Ne8 15.
Qe2 Nd6 16. Rg2 f6 17. Nxd7 Qxd7 18. Nf3 Rae8 19. Re1 Nf7 20. h3 e5 21. fxe5
fxe5 22. dxe5 Nfxe5 23. Nxe5 Rxe5 24. Qd1 Rfe8 25. Rgg1 Qe7 26. Rxe5 Qxe5 27.
Kg2 d4 28. cxd4 Nxd4 29. b3 c3 30. Bd3 b5 31. f3 Ne2 32. Kf2 0-1

[Event "Frankfurt Ch A 2019"]
[Site "Ffm-Höchst, BiKuZ"]
[Date "2019.05.27"]
[Round "5.36"]
[White "Fröhlich-Dill, Astrid"]
[Black "Zeyen, Helmut"]
[Result "1-0"]
[WhiteElo "1810"]
[BlackElo "1725"]
[PlyCount "71"]
[EventDate "2019.??.??"]
[WhiteTeam "SV Hofheim"]
[BlackTeam "Wiesbadener SV"]

1. d4 d5 2. Nf3 Nc6 3. Bf4 Bg4 4. e3 e6 5. Be2 Bxf3 6. Bxf3 Bd6 7. Bxd6 cxd6 8.
O-O Nf6 9. Nd2 O-O 10. c4 dxc4 11. Nxc4 d5 12. Nd2 Qb6 13. Nb3 e5 14. Rc1 e4
15. Be2 Nd7 16. Qd2 Rac8 17. Nc5 Ncb8 18. b4 Nxc5 19. dxc5 Qe6 20. Rfd1 Nc6 21.
b5 Ne7 22. Qa5 b6 23. cxb6 Qxb6 24. Qa3 Rxc1 25. Rxc1 Rc8 26. Rxc8+ Nxc8 27.
Qc3 Nd6 28. a4 Kf8 29. a5 Qb7 30. Qc5 Ke7 31. a6 Qa8 32. b6 axb6 33. Qxb6 Ke6
34. a7 Qc8 35. g3 Qc1+ 36. Bf1 1-0

[Event "Frankfurt Ch A 2019"]
[Site "Ffm-Höchst, BiKuZ"]
[Date "2019.05.27"]
[Round "5.37"]
[White "Gutacker, Stephan"]
[Black "Mühlbach, Christian"]
[Result "1-0"]
[WhiteElo "1796"]
[BlackElo "1689"]
[PlyCount "55"]
[EventDate "2019.??.??"]
[WhiteTeam "Sfr. Kelkheim"]
[BlackTeam "SK Langen"]

1. e4 Nc6 2. Nf3 f5 3. exf5 d5 4. Bb5 Bxf5 5. Nd4 Qd7 6. Nxf5 Qxf5 7. O-O Nf6
8. d4 e6 9. Bd3 Qg4 10. Qxg4 Nxg4 11. c3 O-O-O 12. h3 Nf6 13. Bf4 Re8 14. Re1
Nd7 15. Bb5 Bd6 16. Bxd6 cxd6 17. Nd2 Rhf8 18. Re2 a6 19. Ba4 Nb6 20. Bc2 g6
21. Rae1 Kd7 22. Nf3 Re7 23. Ng5 Rf6 24. Nf3 Nd8 25. a4 Rf4 26. a5 Nc4 27. b4
Nf7 28. Ba4+ 1-0

[Event "Frankfurt Ch A 2019"]
[Site "Ffm-Höchst, BiKuZ"]
[Date "2019.05.27"]
[Round "5.38"]
[White "Henrich, Frederik"]
[Black "Adair, Robin"]
[Result "0-1"]
[WhiteElo "1561"]
[BlackElo "1792"]
[PlyCount "128"]
[EventDate "2019.??.??"]
[WhiteTeam "Frankfurter TV"]
[BlackTeam "SC Nidderau"]

1. e4 c5 2. Nc3 Nc6 3. g3 g6 4. Bg2 Bg7 5. d3 d6 6. Be3 Nf6 7. h3 O-O 8. Qd2 e5
9. Bh6 b5 10. Bxg7 Kxg7 11. Nxb5 Rb8 12. c4 a6 13. Nc3 Bd7 14. Nge2 Qb6 15. b3
Nd4 16. Nxd4 exd4 17. Ne2 a5 18. O-O Bc6 19. f4 a4 20. Rab1 axb3 21. Rxb3 Qc7
22. Rfb1 Ra8 23. Rb6 Nd7 24. R6b3 Ra7 25. Nc1 Qd8 26. Qb2 h6 27. Ne2 Kh7 28. a3
Qa8 29. Kh2 f5 30. Nxd4 cxd4 31. Qxd4 fxe4 32. Qxd6 Re8 33. Re1 Ra6 34. Bxe4
Nf8 35. Qc7+ Kg8 36. Bxc6 Rxc6 37. Rxe8 Qxe8 38. Qe5 Re6 39. Qd5 Qf7 40. Rb7
Re2+ 41. Kg1 Qxd5 42. cxd5 Rd2 43. Rb3 Kf7 44. Rb7+ Kf6 45. Rb8 Nd7 46. Rb3 Nc5
47. Rb6+ Kf5 48. g4+ Kxf4 49. Rxg6 Kg3 50. Kf1 Nxd3 51. Rf6 Nf4 52. Ke1 Rxd5
53. Rxh6 Ra5 54. g5 Rxg5 55. h4 Ra5 56. Kd2 Rxa3 57. h5 Kg4 58. Rf6 Nxh5 59.
Rg6+ Kf5 60. Rc6 Nf6 61. Rc5+ Kf4 62. Rc4+ Ne4+ 63. Kc2 Ra2+ 64. Kd3 Rd2# 0-1

[Event "Frankfurt Ch A 2019"]
[Site "Ffm-Höchst, BiKuZ"]
[Date "2019.05.27"]
[Round "5.39"]
[White "Varma, Christopher"]
[Black "Münstermann, Matthias"]
[Result "1/2-1/2"]
[WhiteElo "1779"]
[BlackElo "1666"]
[PlyCount "71"]
[EventDate "2019.??.??"]
[WhiteTeam "SV Oberursel"]
[BlackTeam "SK Langen"]

1. e4 c5 2. Nf3 d6 3. Bc4 Nf6 4. Qe2 e6 5. Bb3 Be7 6. O-O O-O 7. c3 e5 8. h3 b6
9. d3 Ba6 10. Nbd2 Nc6 11. Rd1 Qc7 12. Nf1 Rad8 13. Bg5 h6 14. Bxf6 Bxf6 15.
Ne3 Qc8 16. Nd5 Be7 17. Nh2 Bg5 18. Nf3 Be7 19. Rac1 Rd7 20. a3 Bd8 21. Bc4 Ne7
22. Ne3 b5 23. Ba2 Bb6 24. d4 exd4 25. cxd4 b4 26. Bc4 Bxc4 27. Nxc4 bxa3 28.
Nxa3 Qb7 29. Qd3 cxd4 30. Nxd4 d5 31. Nf3 Rfd8 32. e5 d4 33. Nc4 Qd5 34. Nxb6
axb6 35. Rc4 Ng6 36. Re1 1/2-1/2

[Event "Frankfurt Ch A 2019"]
[Site "Ffm-Höchst, BiKuZ"]
[Date "2019.05.27"]
[Round "5.40"]
[White "Fischer, Lutz"]
[Black "Schellen, Sven"]
[Result "1-0"]
[WhiteElo "1557"]
[BlackElo "1768"]
[PlyCount "119"]
[EventDate "2019.??.??"]
[WhiteTeam "SF Frankfurt"]
[BlackTeam "SF Frankfurt"]

1. e4 Nf6 2. Nc3 d5 3. e5 d4 4. Nce2 Ne4 5. d3 Nc5 6. Nf3 Ne6 7. g3 c5 8. Bg2
Nc6 9. Nf4 Qc7 10. Qe2 Nxf4 11. Bxf4 Qa5+ 12. Bd2 Qb6 13. Bc1 Bg4 14. O-O e6
15. a3 Be7 16. Rb1 O-O 17. Qe4 Bf5 18. Qe2 f6 19. exf6 Bxf6 20. Bg5 Qd8 21.
Bxf6 Qxf6 22. Nh4 Rae8 23. f4 g5 24. fxg5 Qxg5 25. Rbe1 Bg4 26. Qe4 Bf5 27.
Nxf5 exf5 28. Qd5+ Kg7 29. Rxe8 Rxe8 30. Qxf5 Qxf5 31. Rxf5 Re1+ 32. Kf2 Rb1
33. b3 Ra1 34. a4 Nb4 35. Rxc5 Ra2 36. Rc7+ Kh6 37. Be4 Nxc2 38. Rxh7+ Kg5 39.
h4+ Kf6 40. Kf3 Ne1+ 41. Kg4 Rd2 42. Rxb7 Nxd3 43. Bxd3 Rxd3 44. h5 Re3 45. h6
Re8 46. Rd7 Kg6 47. Rxd4 Kxh6 48. b4 Re7 49. Kf5 Rf7+ 50. Ke6 Rg7 51. g4 Kg5
52. b5 Rg6+ 53. Kd7 Kh4 54. Kc7 Rg7+ 55. Kb8 Kg3 56. a5 Rg5 57. Rb4 Rg7 58. b6
axb6 59. axb6 Rg8+ 60. Ka7 1-0

[Event "Frankfurt Ch A 2019"]
[Site "Ffm-Höchst, BiKuZ"]
[Date "2019.05.27"]
[Round "5.41"]
[White "Masoudi, Kian"]
[Black "Kirchmann, Sascha"]
[Result "0-1"]
[WhiteElo "1537"]
[BlackElo "1766"]
[PlyCount "68"]
[EventDate "2019.??.??"]
[WhiteTeam "SC Bergen-Enkheim"]
[BlackTeam "SC Obertshausen"]

1. e4 d5 2. Nf3 dxe4 3. Ng5 Bf5 4. Nc3 Nf6 5. Qe2 Nc6 6. Qb5 Qd7 7. Qc4 Ne5 8.
Qe2 Nc6 9. Ngxe4 Nxe4 10. Nxe4 Nd4 11. Qd3 O-O-O 12. c3 Qc6 13. cxd4 Bxe4 14.
Qh3+ e6 15. f3 Bg6 16. Be2 Rxd4 17. O-O Bc5 18. Kh1 Bb4 19. b3 f6 20. d3 Bc3
21. Rb1 Bxd3 22. Bxd3 Rxd3 23. Bf4 Qd7 24. Qh5 e5 25. Bg3 g6 26. Qh6 Bd2 27. f4
e4 28. Be1 f5 29. Bxd2 Rxd2 30. a4 e3 31. Qh3 Qd5 32. Qf3 Qxf3 33. Rxf3 e2 34.
Re3 Rd1+ 0-1

[Event "Frankfurt Ch A 2019"]
[Site "Ffm-Höchst, BiKuZ"]
[Date "2019.05.27"]
[Round "5.42"]
[White "Rauscher, Joachim"]
[Black "Schlumbohm, Nils"]
[Result "1/2-1/2"]
[WhiteElo "1764"]
[BlackElo "1584"]
[PlyCount "62"]
[EventDate "2019.??.??"]
[WhiteTeam "SC Brett vorm Kopp"]
[BlackTeam "Berkershm"]

1. e4 c6 2. d4 d5 3. Nc3 dxe4 4. Nxe4 Bf5 5. Ng3 Bg6 6. Nf3 Nd7 7. h4 h6 8. h5
Bh7 9. Bd3 Bxd3 10. Qxd3 Qc7 11. Bd2 e6 12. Ne4 Ngf6 13. g3 Nxe4 14. Qxe4 Nf6
15. Qe2 Bd6 16. O-O-O O-O-O 17. Kb1 Rhe8 18. Ne5 c5 19. c3 Kb8 20. f4 cxd4 21.
cxd4 Bxe5 22. dxe5 Nd5 23. Rc1 Qb6 24. g4 Rd7 25. Rh3 Rc8 26. Rhh1 Rcd8 27. Rc2
Nb4 28. Bxb4 Qxb4 29. Rc4 Rd2 30. Rxb4 Rxe2 31. Rg1 Rdd2 1/2-1/2

[Event "Frankfurt Ch A 2019"]
[Site "Ffm-Höchst, BiKuZ"]
[Date "2019.05.27"]
[Round "5.43"]
[White "Both, Günter"]
[Black "Merges, Harald"]
[Result "0-1"]
[WhiteElo "1506"]
[BlackElo "1757"]
[PlyCount "143"]
[EventDate "2019.??.??"]
[WhiteTeam "SK Bischofsheim"]
[BlackTeam "SG Reil-Kinheim"]

1. e4 e6 2. d4 d5 3. exd5 exd5 4. Bd3 Bd6 5. Nf3 Ne7 6. O-O Bg4 7. h3 Bh5 8.
Re1 Nbc6 9. c3 Qd7 10. Be3 Bg6 11. a3 O-O 12. c4 Bxd3 13. Qxd3 dxc4 14. Qxc4
Nd5 15. Nc3 Nb6 16. Qd3 Ne7 17. Rad1 Rad8 18. Nb5 a6 19. Nxd6 Qxd6 20. Ng5 Qg6
21. Qxg6 hxg6 22. Rc1 Ned5 23. Rc2 Rd7 24. Ne4 Re7 25. Nc5 c6 26. Kf1 Rfe8 27.
Bd2 Kf8 28. Rxe7 Rxe7 29. Ba5 Nc8 30. Bc3 Nd6 31. Re2 Rc7 32. Rc2 Nb5 33. Nb3
Ndxc3 34. bxc3 Nxa3 35. Ra2 Nb5 36. c4 Nd6 37. c5 Nb5 38. Rd2 Rd7 39. Ke2 Ke7
40. Kd3 Nc7 41. f4 Nd5 42. g3 Kf6 43. Re2 Ne7 44. g4 g5 45. fxg5+ Kxg5 46. Re5+
Kg6 47. h4 f6 48. Re4 Nd5 49. Na5 Kf7 50. Nc4 Kg6 51. Nd6 a5 52. Nc4 a4 53. Kc2
Nc7 54. Nb6 Rd8 55. Nxa4 Nb5 56. Kd3 Ra8 57. Nb6 Ra3+ 58. Kd2 Rh3 59. h5+ Kg5
60. Re7 Kxg4 61. Rxg7+ Kf5 62. Rxb7 Nxd4 63. Nd7 Rxh5 64. Nf8 Kf4 65. Rd7 Nf3+
66. Kc3 Rxc5+ 67. Kb4 Rc1 68. Ne6+ Kf5 69. Nc5 Ne5 70. Rd8 Kg5 71. Ne4+ Kf5 72.
Nd6+ 0-1